Mối ở miền Bắc Việt Nam

Đặc điểm sinh học, sinh thái, ý nghĩa kinh tế và các biện pháp phòng trừ các loài mối phân bố ở miền Bắc Việt Nam

Zapisane w:
Opis bibliograficzny
1. autor: Nguyễn Đức Khảm
Format: Książka
Język:Vietnamese
Wydane: H. Khoa học và kỹ thuật 1976
Hasła przedmiotowe:
Etykiety: Dodaj etykietę
Nie ma etykietki, Dołącz pierwszą etykiete!
Thư viện lưu trữ: Mạng thư viện Đại học Đà Nẵng
LEADER 01238nam a22003498a 4500
001 000013854
003 10200
005 20120323110335.0
008 120323s1976 b 000 0 vieod
020 |d 2100b 
041 0 |a vie 
082 |a 595.7597  |b NG-K 
084 |a M  |b M452-O 
100 1 |a Nguyễn Đức Khảm 
245 1 0 |a Mối ở miền Bắc Việt Nam  |c Nguyễn Đức Khảm 
260 |a H.  |b Khoa học và kỹ thuật  |c 1976 
300 |a 215tr  |c 20cm 
520 |a Đặc điểm sinh học, sinh thái, ý nghĩa kinh tế và các biện pháp phòng trừ các loài mối phân bố ở miền Bắc Việt Nam 
653 |a Mối 
653 |a miền Bắc Việt Nam 
653 |a đặc điểm sinh học 
653 |a biện pháp phòng trừ 
OWN |a LSP 
AVA |a UDN50  |b LSP  |d 595.7597 NG-K  |e available  |t Error 5001 Not defined in file expand_doc_bib_avail.  |f 1  |g 0  |h N  |i 0  |k 1 
999 |a From the UDN01 
AVA |a UDN50  |b LSP  |d 595.7597 NG-K  |e available  |t Error 5001 Not defined in file expand_doc_bib_avail.  |f 1  |g 0  |h N  |i 0  |k 1 
TYP |a Monograph 
TYP |a Printed language 
980 |a Mạng thư viện Đại học Đà Nẵng